000 006670000a22002050004500
001 55175
010 _a978-989-95736-1-1
090 _a55175
100 _a20090917d2008 a y0pory5003 ba
101 0 _apor
102 _aPT
200 1 _aO reino do silĂȘncio
_fPedro Seromenho
210 _aBraga
_cLibrobraga
_d2008
215 _a154 p.
675 _a821.134.3-31
_vBN
_zpor
700 1 _aSeromenho
_bPedro
_f1975-
942 _cMON
_n0
999 _a55175
_bBibliobase - BEBDMI
_c2019-01-21